Формирование учебной деятельности студентов

Dettagli Bibliografici
Altri autori: Ляудис В. Я. (редактор)
Lingua:russo
Pubblicazione: Москва, Изд-во Московского ун-та, 1989
Soggetti:
Natura: MixedMaterials Libro
KOHA link:https://koha.lib.tpu.ru/cgi-bin/koha/opac-detail.pl?biblionumber=105965

MARC

LEADER 00000nam0a2200000 4500
001 105965
005 20231031114724.0
010 |a 5211002237 
020 |a RU  |b 89-44747 
035 |a (RuTPU)RU\TPU\book\114338 
090 |a 105965 
100 |a 20061129d1989 m y0rusy5003 ca 
101 0 |a rus 
102 |a RU 
105 |a a z 001zy 
200 1 |a Формирование учебной деятельности студентов  |f под ред. В. Я. Ляудис 
210 |a Москва  |c Изд-во Московского ун-та  |d 1989 
215 |a 240 с. 
320 |a Библиогр.: с. 230-234. 
610 1 |a учебная деятельность 
610 1 |a формирование 
610 1 |a студенты 
610 1 |a высшая школа 
610 1 |a общество 
610 1 |a личность 
610 1 |a развитие 
686 |a Ч481  |2 rubbk 
702 1 |a Ляудис  |b В. Я.  |4 340 
801 0 |a RU  |b RuMRKP  |c 19950417  |g psbo 
801 1 |a RU  |b 63413507  |c 20061129  |g PSBO 
801 2 |a RU  |b 63413507  |c 20161012  |g PSBO 
942 |c BK